Busiest Airports in India 2025 - Statistics

General Stats
  • This quiz has been taken 50 times
  • The average score is 29 of 50
Answer Stats
Passengers Answer % Correct
79.3 Million Delhi
100%
55.1 Million Mumbai
100%
21.8 Million Kolkata
97%
41.9 Million Bengaluru
95%
22.4 Million Chennai
95%
29.2 Million Hyderabad
95%
6.1 Million Jaipur
92%
13.4 Million Ahmedabad
89%
10.5 Million Pune
89%
11.1 Million Kochi
82%
1.7 Million Surat
79%
6.4 Million Lucknow
76%
2.9 Million Nagpur
76%
3.8 Million Indore
74%
4.9 Million Thiruvananthapuram
74%
4.1 Million Chandigarh
71%
1.6 Million Bhopal
68%
3.8 Million Patna
68%
3 Million Visakhapatnam
66%
3.5 Million Amritsar
63%
3.3 Million Coimbatore
58%
1.7 Million Dehradun
58%
6.2 Million Guwahati
58%
1.1 Million Rajkot
58%
1.4 Million Madurai
55%
2.6 Million Raipur
55%
2.6 Million Ranchi
55%
1.3 Million Vadodara
55%
4.8 Million Bhubaneswar
53%
4.5 Million Srinagar
53%
1 Million Jodhpur
50%
3.7 Million Kozhikode
50%
1.7 Million Udaipur
50%
4 Million Varanasi
50%
1.6 Million Jammu
45%
1.7 Million Port Blair
42%
3.2 Million Siliguri
42%
1.4 Million Vijayawada
42%
2 Million Tiruchirappalli
39%
1.4 Million Imphal
34%
1.4 Million Agartala
32%
1.1 Million Ayodhya
32%
1.2 Million Leh
29%
2.3 Million Mangaluru
29%
4.6 Million Mopa
29%
1.3 Million Kannur
26%
1 Million Tirupati
26%
1.1 Million Prayagraj
24%
7.3 Million Vasco Da Gama
21%
0.9 Million Gorakhpur
18%
No matching quizzes found
Score Distribution
Percent of People with Each Score
Percentile by Number Answered
Your Score History
You have not taken this quiz